000 00942cam a2200217 4500
001 WB3944-10
008 031118n2002 000 0 eng u
035 _a(Sirsi) u124359
245 _aOvercrowded houses spark regulation changes
260 _c2002
490 _aRICS Press Release
_v(pr109) 17 November 2003 (2)
520 _aRecent RICS research has shown that smaller and more densely sited dwellings have meant an increase in complaints about noisy neighbours. The RICS is in consultation with the government on a current review of sound insulation standards which have not been changed since the 1950s. http://www.rics.org/ricscms/bin/show?class=PressRelease&template=/includes/showpr.html&id=1058
590 _aWB
650 _aSOUND INSULATION
650 _aBUILDING REGULATIONS
_96224
650 _aNOISE INSULATION
650 _aNOISY NEIGHBOURS
650 _aANTI-SOCIAL BEHAVIOUR
690 _aHOUSING
942 _n0
999 _c73799
_d73799